LEADER 01424nam 2200265la 450 001 9910482357403321 005 20221102161351.0 035 $a(UK-CbPIL)2090367844 035 $a(CKB)5500000000091599 035 $a(EXLCZ)995500000000091599 100 $a20221102d1598 uy | 101 0 $ager 135 $aurcn||||a|bb| 200 14$aEin newer Albertus Magnus, von Weiberen und Geburten der Kinder, sampt ihren Artzneyen Auch von Tugenden etlicher fu?rnemen Kreuter Und von Krafft der edel Gestein. Item von Art und Natur etlicher Thier, mit sampt einem bewerten Regiment fu?r die Pestilenz Unnd von der Aderlasz / Alles auffs neuwe gebessert durch Q. Apollinarem 210 $aCologne $cHeinrich Nettesheim, 1585-1598$d1598 215 $aOnline resource ([60] leaves : t.p. in red & black with woodcut, woodcuts , (16mo)) 300 $aReproduction of original in The Wellcome Library, London. 700 $aAlbertus$cMagnus, Saint,$f1193-1280.$00 701 $aRyff$b Walther Hermann$f1548.$0717494 801 0$bUk-CbPIL 801 1$bUk-CbPIL 906 $aBOOK 912 $a9910482357403321 996 $aEin newer Albertus Magnus, von Weiberen und Geburten der Kinder, sampt ihren Artzneyen Auch von Tugenden etlicher fürnemen Kreuter Und von Krafft der edel Gestein. Item von Art und Natur etlicher Thier, mit sampt einem bewerten Regiment für die Pestilenz Unnd von der Aderlasz$92147076 997 $aUNINA